000 00992nam a2200229Ia 4500
001 9353
003 GE_BSU
008 181216s||||||||xx |||||||||||||| ||und||
040 _cGE_BSU
080 _a821.353.1–1+821.353.1-11
100 _aმეგრელიშვილი,გრიგოლ
245 _aშუქურვარსკვლავი:რჩეული ლექსები და პოემები
245 _cშეადგინა და შესავალი დაურთო ნიკო კეცხოველმა.რედ. ან.თევზაძე,მხატვ.ა.თოდრია
260 _aთბილისი
260 _bმერანი
260 _c1973
300 _a79გვ.20სმ.1ფ.პორტ.21სმ.
520 _aგ.ლეონიძის ბოლოსიტყვაობით
653 _aლექსები
653 _aშუქურვარსკვლავი
942 _cBK
999 _c42649
_d42649